El comportamiento de los bancos transnacionales y la crisis internacional de endeudamiento

Guardat en:
Dades bibliogràfiques
Autor corporatiu: CEPAL (Autor)
Format: Llibre
Idioma:espanyol
Publicat: Santiago Naciones Unidas 1989
Col·lecció:Estudios e Informes de la CEPAL, 76
Matèries:
Etiquetes: Afegir etiqueta
Sense etiquetes, Sigues el primer a etiquetar aquest registre!

MARC

LEADER 00000nam a2200000 a 4500
001 UCX2217
003 CL-VaPUC
008 910404e19890000CL |||||||||||||||||spa|d
082 0 4 |a 332.3  |b CEP  |2 21 
110 2 |a CEPAL  |e author  |9 318075 
245 1 3 |a El comportamiento de los bancos transnacionales y la crisis internacional de endeudamiento 
300 |a 214 p 
942 |c BK 
945 |d 19910404 00:00:00 
260 |a Santiago  |b Naciones Unidas  |c 1989 
650 7 |a DEUDA EXTERNA  |2 CL-VaPUC  |9 314619 
650 7 |a PRESTAMOS INTERNACIONALES  |2 CL-VaPUC  |9 318076 
651 0 |a América Latina   |9 255027 
651 7 |a ISLAS CARIBES  |2 CL-VaPUC  |9 255533 
583 |a last modification  |c 19910404 00:00:00  |k Rodrigo Vera 
490 0 |a Estudios e Informes de la CEPAL, 76 
999 |c 223288  |d 223286 
952 |0 0  |1 0  |4 0  |6 332_300000000000000_CEP_1989  |7 0  |8 A  |9 218915  |a BIBENE  |b BIBENE  |d 2019-11-15  |i 2877147  |o 332.3 CEP 1989  |p 2877147  |r 2025-01-15  |w 2019-11-15  |y BK  |k ICO 
952 |0 0  |1 0  |4 0  |6 332_300000000000000_CEP_1989  |7 0  |8 A  |9 218916  |a BIBENE  |b BIBENE  |d 2019-11-15  |i 2877155  |o 332.3 CEP 1989  |p 2877155  |r 2025-01-15  |w 2019-11-15  |y BK  |k ICO